[Event "BCF-chTa 1920 (4NCL)"]
[Site "Daventry"]
[Date "2020.02.29"]
[Round "1.23"]
[White "Abbas, Daniel Karim"]
[Black "Palliser, Richard"]
[Result "0-1"]
[WhiteElo "2251"]
[BlackElo "2402"]
[PlyCount "64"]
[EventDate "2019.11.09"]
[EventType "team-tourn"]
[EventRounds "11"]
[EventCountry "ENG"]
[SourceTitle "CBM 195 Extra"]
[Source "ChessBase"]
[SourceDate "2020.05.31"]
[SourceVersion "1"]
[SourceVersionDate "2020.05.31"]
[SourceQuality "1"]
[WhiteTeam "3CS Oldham"]
[BlackTeam "White Rose"]
[WhiteTeamCountry "ENG"]
[BlackTeamCountry "ENG"]

1. e4 c5 2. Nf3 d6 3. Bb5+ Bd7 4. Bxd7+ Qxd7 5. 0-0 Nf6 6. Qe2 Nc6 7. c3 e6 8. d4 cxd4 9. cxd4 d5 10. e5 Ne4 11. Be3 Be7 12. Ne1 f6 13. Nd3 0-0 14. f3 Ng5 15. Nd2 Rac8 16. Rac1 b6 17. Rfd1 fxe5 18. dxe5 Nf7 19. f4 Nh6 20. Kh1 d4 21. Bf2 Qd5 22. Qe4 Ng4 23. Qxd5 exd5 24. Kg1 Nb4 25. Rxc8 Rxc8 26. Rc1 Rf8 27. Nxb4 Bxb4 28. Nf3 d3 29. g3 d2 30. Rd1 Rc8 31. Nxd2 Rc2 32. Be1 Ne3 0-1

[Event "BCF-chTa 1920 (4NCL)"]
[Site "Daventry"]
[Date "2020.02.08"]
[Round "5.15"]
[White "Abbas, Daniel Karim"]
[Black "Pert, Nicholas"]
[Result "0-1"]
[WhiteElo "2251"]
[BlackElo "2558"]
[PlyCount "86"]
[EventDate "2019.11.09"]
[EventType "team-tourn"]
[EventRounds "11"]
[EventCountry "ENG"]
[SourceTitle "CBM 194 Extra"]
[Source "ChessBase"]
[SourceDate "2020.03.31"]
[SourceVersion "1"]
[SourceVersionDate "2020.03.31"]
[SourceQuality "1"]
[WhiteTeam "3CS Oldham"]
[BlackTeam "Guildford"]
[WhiteTeamCountry "ENG"]
[BlackTeamCountry "ENG"]

1. e4 c5 2. Nf3 Nc6 3. Bb5 g6 4. Bxc6 dxc6 5. d3 Bg7 6. h3 Nf6 7. Nc3 Nd7 8. Be3 e5 9. 0-0 b6 10. Nh2 Nf8 11. f4 exf4 12. Rxf4 Be6 13. Rf2 Qe7 14. a4 Nd7 15. Qd2 h6 16. Nf3 0-0-0 17. a5 b5 18. d4 cxd4 19. Nxd4 Nb8 20. Rf3 c5 21. Ncxb5 a6 22. Qf2 cxd4 23. Bxd4 Bxd4 24. Nxd4 Rd7 25. Raa3 Rhd8 26. Rfd3 Bc4 27. Rac3 Rc7 28. Rf3 Qxe4 29. Rf4 Qe5 30. Re3 Qxa5 31. b3 Bd5 32. Re5 Qc3 33. Re3 Qc5 34. c4 g5 35. Rf5 Qxd4 36. cxd5 Rxd5 37. Rxd5 Qxd5 38. Qf6 Qc5 39. Qf2 Re7 40. Rxe7 Qxe7 41. Qd4 Qe6 42. b4 Kb7 43. Kh1 Nc6 0-1

[Event "Tianjin Prestigious Univ-ch"]
[Site "Tianjin"]
[Date "2019.11.27"]
[Round "4"]
[White "Abbas, Daniel Karim"]
[Black "Theodorou, Nikolas"]
[Result "0-1"]
[WhiteElo "2251"]
[BlackElo "2555"]
[PlyCount "90"]
[EventDate "2019.11.26"]
[EventType "team-tourn"]
[EventRounds "11"]
[EventCountry "CHN"]
[SourceTitle "CBM 193 Extra"]
[Source "ChessBase"]
[SourceDate "2020.01.31"]
[SourceVersion "1"]
[SourceVersionDate "2020.01.31"]
[SourceQuality "1"]

1. e4 c5 2. Nf3 d6 3. Bb5+ Nd7 4. 0-0 a6 5. Bd3 Ngf6 6. Re1 e6 7. c3 b5 8. Bc2 c4 9. a4 Bb7 10. d3 cxd3 11. Qxd3 Nc5 12. Qe2 bxa4 13. Rxa4 Be7 14. Rd4 Qc7 15. b4 Ncd7 16. Red1 0-0 17. Na3 e5 18. Rc4 Qb8 19. Nd2 Nb6 20. Nb3 Nxc4 21. Nxc4 Qc7 22. Nba5 Rac8 23. Be3 Bc6 24. Bb6 Qb8 25. Qe3 Bb5 26. Ba7 Qc7 27. Bb6 Qd7 28. Nxe5 dxe5 29. Rxd7 Nxd7 30. Ba7 Bxb4 31. cxb4 Rxc2 32. h3 Re2 33. Qf3 Nf6 34. Be3 Rd8 35. Kh2 Re1 36. Bg5 Rdd1 37. Qf5 Rh1+ 38. Kg3 Rd3+ 39. f3 Nd7 40. Nb7 h6 41. Be7 g6 42. Qg4 Rd2 43. Nc5 Bf1 44. Kh4 h5 45. Qg5 Rxg2 0-1

[Event "Tianjin Prestigious Univ-ch"]
[Site "Tianjin"]
[Date "2019.11.27"]
[Round "5"]
[White "Isakov, Michael G"]
[Black "Abbas, Daniel Karim"]
[Result "1/2-1/2"]
[WhiteElo "2162"]
[BlackElo "2251"]
[PlyCount "128"]
[EventDate "2019.11.26"]
[EventType "team-tourn"]
[EventRounds "11"]
[EventCountry "CHN"]
[SourceTitle "CBM 193 Extra"]
[Source "ChessBase"]
[SourceDate "2020.01.31"]
[SourceVersion "1"]
[SourceVersionDate "2020.01.31"]
[SourceQuality "1"]

1. d4 Nf6 2. Nf3 e6 3. c4 c5 4. d5 exd5 5. cxd5 d6 6. Nc3 g6 7. e4 Bg7 8. Bd3 0-0 9. h3 a6 10. a4 Nh5 11. 0-0 Nd7 12. Bg5 Bf6 13. Bh6 Bg7 14. Bg5 Bf6 15. Bh6 Re8 16. Qd2 Bg7 17. Rae1 Rb8 18. g4 Nhf6 19. Nh2 b5 20. axb5 axb5 21. Bxb5 Rxb5 22. Bxg7 Kxg7 23. Nxb5 Nxe4 24. Qc2 Ndf6 25. Nc3 Ng5 26. Kg2 Ba6 27. Rg1 Bb7 28. Qd3 Ne6 29. Qd2 Nxd5 30. Nxd5 Bxd5+ 31. Kg3 Bc6 32. Nf3 Qb8 33. Qc3+ Kg8 34. Qf6 Qb7 35. Ng5 Qb3+ 36. Kh2 Nxg5 37. Rxe8+ Bxe8 38. Qxg5 Qxb2 39. Kg3 Qc3+ 40. Qe3 Qxe3+ 41. fxe3 c4 42. Kf4 Ba4 43. Ke4 Kf8 44. Kd4 Bb3 45. Ra1 Ke7 46. g5 Ke6 47. e4 f5 48. Ra7 fxe4 49. Kxe4 c3 50. Rxh7 c2 51. Rc7 d5+ 52. Kd3 Kf5 53. Kd2 Kxg5 54. Rc3 Bc4 55. Kxc2 Kh4 56. Kd2 g5 57. Rf3 g4 58. hxg4 Kxg4 59. Rf8 Kg5 60. Ke3 Bb3 61. Kd4 Bc4 62. Ke5 Kg4 63. Kd4 Kg5 64. Ke3 Bb3 1/2-1/2

[Event "Tianjin Prestigious Univ-ch"]
[Site "Tianjin"]
[Date "2019.11.26"]
[Round "2"]
[White "Abbas, Daniel Karim"]
[Black "Oparin, Grigoriy"]
[Result "0-1"]
[WhiteElo "2251"]
[BlackElo "2660"]
[PlyCount "42"]
[EventDate "2019.11.26"]
[EventType "team-tourn"]
[EventRounds "11"]
[EventCountry "CHN"]
[SourceTitle "CBM 193 Extra"]
[Source "ChessBase"]
[SourceDate "2020.01.31"]
[SourceVersion "1"]
[SourceVersionDate "2020.01.31"]
[SourceQuality "1"]

1. e4 c6 2. d4 d5 3. Nd2 dxe4 4. Nxe4 Nf6 5. Nxf6+ exf6 6. c3 Bd6 7. Bd3 0-0 8. Qc2 Re8+ 9. Ne2 h5 10. 0-0 h4 11. Be3 Nd7 12. Rad1 Nf8 13. c4 Bc7 14. Qd2 Qd6 15. g3 Bg4 16. Rc1 Ne6 17. Nc3 Rad8 18. d5 Ba5 19. c5 Qxd5 20. Nxd5 Bxd2 21. Bxd2 Rxd5 0-1

[Event "Reykjavik op"]
[Site "Reykjavik"]
[Date "2019.04.11"]
[Round "5"]
[White "Danielsen, Arne"]
[Black "Abbas, Daniel Karim"]
[Result "0-1"]
[WhiteElo "2065"]
[BlackElo "2253"]
[PlyCount "56"]
[EventDate "2019.04.08"]
[EventType "swiss"]
[EventRounds "9"]
[EventCountry "ISL"]
[SourceTitle "CBM 189 Extra"]
[Source "ChessBase"]
[SourceDate "2019.06.03"]
[SourceVersion "1"]
[SourceVersionDate "2019.06.03"]
[SourceQuality "1"]

1. d4 Nf6 2. c4 e6 3. Nc3 Bb4 4. e3 b6 5. Bd3 Bb7 6. f3 c5 7. Nge2 cxd4 8. exd4 Be7 9. 0-0 d5 10. cxd5 Nxd5 11. Bb5+ Bc6 12. Qa4 Qd7 13. Nxd5 exd5 14. Nc3 0-0 15. Bf4 Rd8 16. Rfe1 Bh4 17. Rec1 a6 18. Bxc6 Nxc6 19. Ne2 b5 20. Qd1 Re8 21. Rc2 Nb4 22. Rc7 Qf5 23. Be5 Bd8 24. Rc3 Bb6 25. Kf1 Rac8 26. a3 Rxc3 27. bxc3 Nc2 28. Qb1 Qd3 0-1

[Event "BCF-chTb 1819 (4NCL)"]
[Site "Daventry"]
[Date "2019.02.10"]
[Round "6.65"]
[White "Eggleston, David"]
[Black "Abbas, Daniel Karim"]
[Result "1-0"]
[WhiteElo "2408"]
[BlackElo "2281"]
[PlyCount "115"]
[EventDate "2018.11.10"]
[EventType "team-tourn"]
[EventRounds "11"]
[EventCountry "ENG"]
[SourceTitle "CBM 188 Extra"]
[Source "ChessBase"]
[SourceDate "2019.02.26"]
[SourceVersion "1"]
[SourceVersionDate "2019.02.26"]
[SourceQuality "1"]
[WhiteTeam "Cheddleton"]
[BlackTeam "3CS Oldham"]
[WhiteTeamCountry "ENG"]
[BlackTeamCountry "ENG"]

1. e4 c5 2. Nf3 e6 3. d4 cxd4 4. Nxd4 a6 5. Nc3 Qc7 6. Bd3 Nf6 7. 0-0 d6 8. f4 Nbd7 9. Kh1 Be7 10. Qe2 b5 11. Bd2 0-0 12. b4 Bb7 13. a4 bxa4 14. Rxa4 Qb6 15. Nb3 e5 16. Na5 Bc8 17. Nd5 Nxd5 18. exd5 Bf6 19. Qe4 g6 20. fxe5 Bxe5 21. Nc4 Qc7 22. Bh6 f5 23. Qh4 Rf7 24. b5 Bb7 25. bxa6 Bxd5 26. Ne3 Be6 27. Bc4 Bxc4 28. Nxc4 Bf6 29. Qg3 Qc6 30. Qa3 Nc5 31. Rb4 Qxa6 32. Qxa6 Nxa6 33. Ra4 Nc7 34. Rxa8+ Nxa8 35. Rb1 Bg7 36. Bf4 d5 37. Ne5 Rf8 38. Nd7 Rc8 39. h3 h6 40. Rb7 g5 41. Be5 Rd8 42. Nf6+ Kh8 43. c3 Rc8 44. Rd7 Rf8 45. Nh7 Rg8 46. Nf8 Nb6 47. Rxg7 Rxg7 48. Ne6 f4 49. Bxg7+ Kh7 50. Bd4 Nd7 51. Nc7 Kg6 52. Nxd5 Kf5 53. Kg1 h5 54. Kf2 g4 55. h4 Nf8 56. g3 fxg3+ 57. Kxg3 Ng6 58. Bg7 1-0

[Event "London Classic op 10th"]
[Site "London"]
[Date "2018.12.14"]
[Round "6"]
[White "Abbas, Daniel Karim"]
[Black "Eche, Sylvain"]
[Result "0-1"]
[WhiteElo "2280"]
[BlackElo "2136"]
[PlyCount "156"]
[EventDate "2018.12.09"]
[EventType "swiss"]
[EventRounds "9"]
[EventCountry "ENG"]
[SourceTitle "CBM 187 Extra"]
[Source "ChessBase"]
[SourceDate "2018.11.04"]
[SourceVersion "1"]
[SourceVersionDate "2018.11.04"]
[SourceQuality "1"]

1. e4 c5 2. Nf3 d6 3. Bb5+ Bd7 4. c4 Nc6 5. 0-0 g6 6. d4 cxd4 7. Nxd4 Bg7 8. Bxc6 bxc6 9. c5 Nf6 10. Nc3 0-0 11. h3 Rb8 12. Qa4 e5 13. Nf3 d5 14. exd5 Nxd5 15. Nxd5 cxd5 16. c6 Be8 17. Rd1 Qb6 18. Qh4 Bxc6 19. Bh6 f6 20. Rac1 Ba8 21. Bxg7 Kxg7 22. Nxe5 fxe5 23. Qe7+ Rf7 24. Qxe5+ Kg8 25. Rd2 Rbf8 26. Rcc2 Qf6 27. Qd4 Qg5 28. h4 Qf4 29. g3 Qxd4 30. Rxd4 Re7 31. b4 Re1+ 32. Kg2 Re4 33. Rxe4 dxe4 34. Kg1 Rd8 35. Kf1 Bd5 36. Rc7 Bxa2 37. Rxa7 Bc4+ 38. Ke1 Rb8 39. Kd2 Bd3 40. f3 Rxb4 41. fxe4 Bxe4 42. Ke3 Bc6 43. Rc7 Be8 44. Rc8 Kf8 45. Kf2 h5 46. Rc7 Bf7 47. Ke3 Kg7 48. Ra7 Rg4 49. Kf2 Kf6 50. Ra5 Be6 51. Rc5 Rd4 52. Ke3 Rd5 53. Rc3 Kf5 54. Ra3 Re5+ 55. Kf2 Bd5 56. Ra4 Be4 57. Rb4 Kf6 58. Rb6+ Re6 59. Rb5 Bf5 60. Rb2 Bg4 61. Rd2 Ke5 62. Ra2 Ke4 63. Ra4+ Kd3 64. Ra3+ Kc2 65. Ra2+ Kc1 66. Ra1+ Kb2 67. Ra5 Re2+ 68. Kg1 Kc3 69. Ra3+ Kd4 70. Ra6 Bf5 71. Ra3 Rc2 72. Ra4+ Ke3 73. Ra3+ Ke2 74. Ra4 Kf3 75. Ra3+ Kg4 76. Rb3 Kh3 77. Re3 Rg2+ 78. Kf1 Rxg3 0-1

[Event "Groningen op-A 55th"]
[Site "Groningen"]
[Date "2017.12.23"]
[Round "2"]
[White "Abbas, Daniel Karim"]
[Black "Plat, Vojtech"]
[Result "0-1"]
[WhiteElo "2319"]
[BlackElo "2567"]
[PlyCount "98"]
[EventDate "2017.12.22"]
[EventType "swiss"]
[EventRounds "9"]
[EventCountry "NED"]
[SourceTitle "CBM 182 Extra"]
[Source "ChessBase"]
[SourceDate "2018.02.23"]
[SourceVersion "1"]
[SourceVersionDate "2018.02.23"]
[SourceQuality "1"]

1. e4 c5 2. Nf3 Nc6 3. Bb5 g6 4. Bxc6 dxc6 5. h3 Bg7 6. d3 Nf6 7. Nc3 Nd7 8. Be3 e5 9. Qd2 h6 10. 0-0 Qe7 11. Nh2 Nf8 12. f4 exf4 13. Bxf4 Ne6 14. Bg3 Qg5 15. Qxg5 hxg5 16. Ng4 Nf4 17. Nf2 Be6 18. Rae1 Be5 19. Re3 0-0-0 20. a3 c4 21. Rf3 Rd7 22. Rd1 Rhd8 23. Kh2 cxd3 24. Nxd3 Bc7 25. Na4 b6 26. b4 Rd4 27. Nc3 Bc4 28. Nb2 Rxd1 29. Nbxd1 Be5 30. Ne3 Ba6 31. Ng4 Bd4 32. Bf2 f5 33. exf5 gxf5 34. Nh6 Bxc3 35. Rxc3 Rd2 36. Be3 Rxg2+ 37. Kh1 Rg3 38. Nxf5 Rxh3+ 39. Kg1 Kd7 40. Rb3 Bc4 41. Rb1 Bd5 42. Re1 Rh1+ 43. Kf2 Rh2+ 44. Kf1 Rxc2 45. Bxf4 gxf4 46. Re7+ Kd8 47. Rxa7 Bc4+ 48. Ke1 f3 49. Ne3 Re2+ 0-1

[Event "EU-Cup 33rd"]
[Site "Antalya"]
[Date "2017.10.11"]
[Round "4.1"]
[White "Abbas, Daniel Karim"]
[Black "Saraci, Nderim"]
[Result "1-0"]
[WhiteElo "2329"]
[BlackElo "2393"]
[PlyCount "87"]
[EventDate "2017.10.08"]
[EventType "team-swiss"]
[EventRounds "7"]
[EventCountry "TUR"]
[SourceTitle "CBM 181"]
[Source "ChessBase"]
[SourceDate "2017.11.10"]
[SourceVersion "1"]
[SourceVersionDate "2017.11.10"]
[SourceQuality "1"]
[WhiteTeam "3CS Oldham"]
[BlackTeam "Pristina"]
[WhiteTeamCountry "ENG"]
[BlackTeamCountry "KOS"]

1. e4 c5 2. Nf3 g6 3. d4 cxd4 4. Nxd4 Bg7 5. Nc3 Nc6 6. Be3 Nf6 7. Bc4 Qa5 8. 0-0 0-0 9. Bb3 d6 10. h3 Bd7 11. Re1 Rad8 12. Nf3 Rc8 13. Qe2 Qc7 14. Bg5 Na5 15. Rad1 Nxb3 16. cxb3 Bc6 17. Nd4 Qa5 18. Qd2 Rfe8 19. a3 a6 20. b4 Qb6 21. Re2 Nd7 22. Be3 Qc7 23. a4 Ne5 24. b3 b5 25. f4 Nd7 26. axb5 axb5 27. e5 Qb7 28. e6 fxe6 29. Nxe6 Bf6 30. Bd4 Bxd4+ 31. Nxd4 Nf6 32. f5 Bd7 33. fxg6 hxg6 34. Qd3 Kg7 35. Re3 Kf7 36. Rf1 Qb6 37. Nd5 Qa7 38. Rxe7+ Rxe7 39. Rxf6+ Ke8 40. Qxg6+ Kd8 41. Rf8+ Be8 42. Qxd6+ Qd7 43. Qb6+ Rc7 44. Nxc7 1-0

[Event "EU-Cup 33rd"]
[Site "Antalya"]
[Date "2017.10.10"]
[Round "3.1"]
[White "Stevic, Hrvoje"]
[Black "Abbas, Daniel Karim"]
[Result "1/2-1/2"]
[WhiteElo "2616"]
[BlackElo "2329"]
[PlyCount "147"]
[EventDate "2017.10.08"]
[EventType "team-swiss"]
[EventRounds "7"]
[EventCountry "TUR"]
[SourceTitle "CBM 181"]
[Source "ChessBase"]
[SourceDate "2017.11.10"]
[SourceVersion "1"]
[SourceVersionDate "2017.11.10"]
[SourceQuality "1"]
[WhiteTeam "Nice Alekhine"]
[BlackTeam "3CS Oldham"]
[WhiteTeamCountry "FRA"]
[BlackTeamCountry "ENG"]

1. e4 c5 2. Nf3 e6 3. d4 cxd4 4. Nxd4 Nc6 5. Nc3 Qc7 6. Qd3 a6 7. Nxc6 dxc6 8. Qg3 Qxg3 9. hxg3 e5 10. Na4 Nf6 11. Nb6 Rb8 12. f3 Be6 13. Be3 Nd7 14. 0-0-0 Bc5 15. Bxc5 Nxc5 16. Bc4 Bxc4 17. Nxc4 f6 18. Nd6+ Kf8 19. f4 exf4 20. gxf4 g6 21. b4 Na4 22. Rh3 Ke7 23. c4 c5 24. Ra3 b5 25. cxb5 axb5 26. bxc5 Rhd8 27. Rd5 Nxc5 28. Ra7+ Ke6 29. Rxc5 Kxd6 30. Rd5+ Ke6 31. f5+ gxf5 32. Ra6+ Ke7 33. Rxf5 Rd4 34. Rfxf6 Rc8+ 35. Kb2 Rxe4 36. Rh6 Re2+ 37. Kb3 Rxg2 38. Rxh7+ Kd8 39. Raa7 Re2 40. a3 Re3+ 41. Kb4 Re4+ 42. Kxb5 Re5+ 43. Kb6 Re6+ 44. Kb7 Rec6 45. Rh8+ Kd7 46. Rxc8 Rxc8 47. Kb6+ Kd6 48. a4 Rc6+ 49. Kb5 Rc5+ 50. Kb4 Rc1 51. Rh7 Kc6 52. Ka5 Rb1 53. Ka6 Ra1 54. a5 Ra2 55. Rh5 Kc7 56. Ka7 Rb2 57. a6 Rb1 58. Rh7+ Kc8 59. Rb7 Rc1 60. Rb2 Kc7 61. Rb8 Rc2 62. Rb1 Rc3 63. Rh1 Rb3 64. Rc1+ Kd7 65. Ka8 Rb2 66. a7 Rb3 67. Rh1 Kc7 68. Rh7+ Kc8 69. Rh8+ Kc7 70. Rb8 Rc3 71. Rb7+ Kc8 72. Rb8+ Kc7 73. Rb7+ Kc8 74. Rb8+ 1/2-1/2

[Event "EU-Cup 33rd"]
[Site "Antalya"]
[Date "2017.10.09"]
[Round "2.1"]
[White "Thorfinnsson, Bjorn"]
[Black "Abbas, Daniel Karim"]
[Result "1-0"]
[WhiteElo "2398"]
[BlackElo "2329"]
[PlyCount "129"]
[EventDate "2017.10.08"]
[EventType "team-swiss"]
[EventRounds "7"]
[EventCountry "TUR"]
[SourceTitle "CBM 181"]
[Source "ChessBase"]
[SourceDate "2017.11.10"]
[SourceVersion "1"]
[SourceVersionDate "2017.11.10"]
[SourceQuality "1"]
[WhiteTeam "Viking"]
[BlackTeam "3CS Oldham"]
[WhiteTeamCountry "ISL"]
[BlackTeamCountry "ENG"]

1. d4 Nf6 2. c4 e6 3. Nc3 Bb4 4. Nf3 b6 5. Bf4 Bb7 6. e3 0-0 7. Bd3 Ne4 8. 0-0 Bxc3 9. bxc3 d6 10. Ne1 f5 11. f3 Nf6 12. Bg3 Qe7 13. Nc2 Nh5 14. Bf2 Nd7 15. e4 f4 16. e5 dxe5 17. Re1 Qg5 18. Qe2 Rf6 19. dxe5 Rh6 20. Rad1 Rf8 21. Bxh7+ Rxh7 22. Rxd7 Ng3 23. Bxg3 fxg3 24. h3 Bxf3 25. Qe3 Qg6 26. Qd3 Qxd3 27. Rxd3 Bxg2 28. Kxg2 Rf2+ 29. Kxg3 Rxc2 30. Rd8+ Kf7 31. Re3 Ke7 32. Red3 Rxc3 33. R8d7+ Ke8 34. Rd8+ Ke7 35. R8d7+ Ke8 36. Kg4 Rxd3 37. Rxd3 Ke7 38. Kg5 Rh6 39. h4 Ke8 40. Ra3 a5 41. c5 Kd7 42. cxb6 cxb6 43. Rc3 Rh8 44. h5 a4 45. Rh3 Re8 46. Kg6 Re7 47. Rc3 b5 48. Rc5 b4 49. Rc4 b3 50. Rxa4 bxa2 51. Rxa2 Kc6 52. Rf2 Kd5 53. Rf7 Re8 54. Kxg7 Kxe5 55. h6 Kd4 56. Rf8 Re7+ 57. Kf6 Rh7 58. Kg6 Re7 59. h7 Rxh7 60. Kxh7 e5 61. Kg6 e4 62. Kf5 e3 63. Kf4 e2 64. Re8 Kd3 65. Kf3 1-0

[Event "BCF-chT1c 1617 (4NCL) Promotion pool"]
[Site "England"]
[Date "2017.05.01"]
[Round "11.21"]
[White "Wells, Peter K"]
[Black "Abbas, Daniel Karim"]
[Result "1/2-1/2"]
[WhiteElo "2429"]
[BlackElo "2270"]
[PlyCount "60"]
[EventDate "2016.11.19"]
[EventType "team-tourn"]
[EventRounds "4"]
[EventCountry "ENG"]
[SourceTitle "EXT 2018"]
[Source "ChessBase"]
[SourceDate "2017.10.13"]
[SourceVersion "1"]
[SourceVersionDate "2017.10.13"]
[SourceQuality "1"]
[WhiteTeam "White Rose"]
[BlackTeam "3CS Oldham"]
[WhiteTeamCountry "ENG"]
[BlackTeamCountry "ENG"]

1. d4 Nf6 2. Nf3 e6 3. c4 b6 4. g3 Ba6 5. b3 b5 6. cxb5 Bxb5 7. Bg2 d5 8. 0-0 Nbd7 9. Nc3 Ba6 10. Ne5 c6 11. Bg5 Nxe5 12. dxe5 h6 13. Bxf6 gxf6 14. exf6 Qxf6 15. Rc1 Ba3 16. Rc2 Rc8 17. Qd2 Qe7 18. Rd1 Bb4 19. e4 Bb7 20. a3 Bxa3 21. exd5 cxd5 22. Bxd5 Bxd5 23. Qd4 Bxb3 24. Qxh8+ Qf8 25. Qd4 Qc5 26. Ne4 Qxc2 27. Qh8+ Ke7 28. Qf6+ Ke8 29. Qh8+ Ke7 30. Qf6+ Ke8 1/2-1/2

[Event "Jersey op"]
[Site "St Clement Bay"]
[Date "2017.04.03"]
[Round "4"]
[White "Rudd, Jack"]
[Black "Abbas, Daniel Karim"]
[Result "1-0"]
[WhiteElo "2177"]
[BlackElo "2285"]
[PlyCount "99"]
[EventDate "2017.04.01"]
[EventType "swiss"]
[EventRounds "9"]
[EventCountry "GCI"]
[SourceTitle "CBM 177 Extra"]
[Source "ChessBase"]
[SourceDate "2017.04.27"]
[SourceVersion "1"]
[SourceVersionDate "2017.04.27"]
[SourceQuality "1"]

1. d4 Nf6 2. c4 e6 3. Nc3 Bb4 4. f3 d5 5. a3 Bxc3+ 6. bxc3 c5 7. e3 Nc6 8. cxd5 exd5 9. Bd3 0-0 10. Ne2 Re8 11. 0-0 cxd4 12. cxd4 Bd7 13. Ra2 Rc8 14. Ng3 Na5 15. Re2 Nc4 16. Qe1 Bb5 17. Qb4 Qb6 18. Nf5 Rc7 19. e4 a5 20. Qe1 Nd6 21. Bxb5 Nxf5 22. Bxe8 Nxd4 23. Be3 Nxe2+ 24. Qxe2 d4 25. Bxf7+ Kxf7 26. Bf2 Qc5 27. Qd3 Qc3 28. Qxd4 Qxa3 29. e5 Ne8 30. Qd5+ Kf8 31. h4 a4 32. Re1 Rc1 33. Rxc1 Qxc1+ 34. Kh2 Qf4+ 35. g3 Qf7 36. e6 Qf6 37. Qd7 Qg6 38. f4 Nf6 39. Qd6+ Kg8 40. f5 Qh5 41. Qb8+ Qe8 42. Qxb7 a3 43. Bd4 a2 44. Qb3 Qa8 45. e7+ Kh8 46. Bxf6 gxf6 47. Qf7 Qh1+ 48. Kxh1 a1Q+ 49. Kh2 Qb2+ 50. Kh3 1-0

[Event "Jersey op"]
[Site "St Clement Bay"]
[Date "2017.04.02"]
[Round "2"]
[White "Abbas, Daniel Karim"]
[Black "Webster, Jim J"]
[Result "1-0"]
[WhiteElo "2285"]
[BlackElo "1807"]
[PlyCount "47"]
[EventDate "2017.04.01"]
[EventType "swiss"]
[EventRounds "9"]
[EventCountry "GCI"]
[SourceTitle "CBM 177 Extra"]
[Source "ChessBase"]
[SourceDate "2017.04.27"]
[SourceVersion "1"]
[SourceVersionDate "2017.04.27"]
[SourceQuality "1"]

1. e4 c5 2. Nf3 Nc6 3. Bb5 g6 4. Bxc6 bxc6 5. 0-0 Bg7 6. Re1 Nf6 7. e5 Nd5 8. c4 Nb6 9. d4 cxd4 10. Qxd4 0-0 11. Qh4 e6 12. Bg5 f6 13. exf6 Bxf6 14. Nbd2 Bxg5 15. Nxg5 Qe7 16. Qg3 Rf5 17. h4 Qf8 18. Rad1 Rf4 19. h5 Qf5 20. hxg6 h5 21. Nf7 Kg7 22. Re5 Qg4 23. Qc3 Rd4 24. f3 1-0

[Event "BCF-chT1a 1617 (4NCL)"]
[Site "England"]
[Date "2017.03.04"]
[Round "7.46"]
[White "Eames, Robert"]
[Black "Abbas, Daniel Karim"]
[Result "1/2-1/2"]
[WhiteElo "2201"]
[BlackElo "2270"]
[PlyCount "109"]
[EventDate "2016.11.19"]
[EventType "team-tourn"]
[EventRounds "7"]
[EventCountry "ENG"]
[SourceTitle "EXT 2018"]
[Source "ChessBase"]
[SourceDate "2017.10.13"]
[SourceVersion "1"]
[SourceVersionDate "2017.10.13"]
[SourceQuality "1"]
[WhiteTeam "Blackthorne Russia"]
[BlackTeam "3CS Oldham"]
[WhiteTeamCountry "ENG"]
[BlackTeamCountry "ENG"]

1. e4 c5 2. Nf3 e6 3. d4 cxd4 4. Nxd4 a6 5. Nc3 Qc7 6. g3 Bb4 7. Bd2 Nf6 8. Bg2 Nc6 9. Nxc6 dxc6 10. 0-0 Be7 11. f4 e5 12. f5 b5 13. Be3 Bb7 14. Nb1 c5 15. Nd2 c4 16. Qe2 Rd8 17. a4 0-0 18. axb5 axb5 19. Kh1 Ra8 20. g4 h6 21. g5 hxg5 22. Bxg5 Rxa1 23. Rxa1 c3 24. bxc3 Qxc3 25. Ra7 Rb8 26. Nb3 Bc5 27. Nxc5 Qxc5 28. Ra1 Qc4 29. Qxc4 bxc4 30. Bxf6 gxf6 31. Rb1 Rd8 32. Bf3 Ba8 33. Rb4 Rc8 34. Kg2 Kg7 35. h4 c3 36. Kf2 Rd8 37. Ke3 Rd2 38. Rb8 Bc6 39. Rc8 Ba4 40. Rxc3 Rxc2 41. Rxc2 Bxc2 42. Kd2 Bb1 43. Kc3 Ba2 44. Kb4 Bb1 45. Kc5 Ba2 46. Kd6 Bb3 47. Ke7 Ba2 48. h5 Bb3 49. h6+ Kxh6 50. Kxf6 Ba2 51. Kxe5 Kg5 52. Kd6 Kf4 53. Bg2 f6 54. Ke7 Ke5 55. Bf3 1/2-1/2

[Event "BCF-chT1a 1617 (4NCL)"]
[Site "England"]
[Date "2016.11.20"]
[Round "2.44"]
[White "Foord, Dominic"]
[Black "Abbas, Daniel Karim"]
[Result "0-1"]
[WhiteElo "2099"]
[BlackElo "2270"]
[PlyCount "86"]
[EventDate "2016.11.19"]
[EventType "team-tourn"]
[EventRounds "7"]
[EventCountry "ENG"]
[SourceTitle "CBM 175 Extra"]
[Source "ChessBase"]
[SourceDate "2016.12.12"]
[SourceVersion "1"]
[SourceVersionDate "2016.12.12"]
[SourceQuality "1"]
[WhiteTeam "Kings Head"]
[BlackTeam "3CS Oldham"]
[WhiteTeamCountry "ENG"]
[BlackTeamCountry "ENG"]

1. d4 Nf6 2. c4 c5 3. d5 e6 4. Nc3 exd5 5. cxd5 d6 6. e4 g6 7. Bd3 Bg7 8. h3 0-0 9. Nf3 a6 10. a4 Nh5 11. 0-0 Nd7 12. Bg5 Bf6 13. Qd2 Ne5 14. h4 Bxg5 15. Nxg5 h6 16. Be2 hxg5 17. Bxh5 g4 18. f4 gxf3 19. Bxf3 Qxh4 20. Qe1 Qxe1 21. Raxe1 Bd7 22. Be2 Rab8 23. Rf6 b5 24. axb5 axb5 25. Rxd6 c4 26. Na2 Ra8 27. Nb4 Ra4 28. Nc6 Bxc6 29. dxc6 Rc8 30. Rd5 Nxc6 31. Rxb5 Nd4 32. Rb7 Raa8 33. Bg4 Rcb8 34. Rd7 Nc2 35. Rf1 Ne3 36. Rfxf7 Ra1+ 37. Kh2 Nxg4+ 38. Kg3 Ne5 39. Rg7+ Kf8 40. Rc7 Rf1 41. Rh7 Rb3+ 42. Kh4 Nf7 43. Rc8+ Ke7 0-1

[Event "BCF-chT1a 1617 (4NCL)"]
[Site "England"]
[Date "2016.11.19"]
[Round "1.34"]
[White "Abbas, Daniel Karim"]
[Black "Wadsworth, Matthew J"]
[Result "1-0"]
[WhiteElo "2270"]
[BlackElo "2290"]
[PlyCount "93"]
[EventDate "2016.11.19"]
[EventType "team-tourn"]
[EventRounds "7"]
[EventCountry "ENG"]
[SourceTitle "CBM 175 Extra"]
[Source "ChessBase"]
[SourceDate "2016.12.12"]
[SourceVersion "1"]
[SourceVersionDate "2016.12.12"]
[SourceQuality "1"]
[WhiteTeam "3CS Oldham"]
[BlackTeam "Guildford II"]
[WhiteTeamCountry "ENG"]
[BlackTeamCountry "ENG"]

1. e4 e6 2. d4 d5 3. Nd2 Nf6 4. e5 Nfd7 5. Bd3 c5 6. c3 Nc6 7. Ne2 cxd4 8. cxd4 f6 9. exf6 Nxf6 10. 0-0 Bd6 11. Nf3 Qc7 12. Bd2 0-0 13. Rc1 Bd7 14. Ng3 Qb6 15. Bc3 Bf4 16. Ra1 Be8 17. Re1 Bf7 18. b4 a6 19. Rb1 Qc7 20. Bd2 Nh5 21. Ne2 h6 22. Rc1 Qd6 23. a3 Bxd2 24. Qxd2 Rae8 25. Bb1 Nf6 26. Ng3 Re7 27. Ne5 Be8 28. Rc3 g5 29. Rce3 Nd7 30. Nxc6 Qxc6 31. Nf5 Rxf5 32. Bxf5 Nf8 33. h4 gxh4 34. Qe2 Bd7 35. Qh5 Rg7 36. Bb1 h3 37. g3 Qb6 38. Qh4 a5 39. bxa5 Qxa5 40. Qxh3 e5 41. Bf5 exd4 42. Re7 Bxf5 43. Qxf5 Qc5 44. Qf6 Rh7 45. Rxh7 Nxh7 46. Re8+ Nf8 47. Re7 1-0